Errores en la determinación espectrofotométrica de clorofilas

Guardat en:
Dades bibliogràfiques
Autors principals: García Torres, Antonio-Lino (Autor), Nicolás Sánchez, Nuria E (Autor)
Format: Llibre
Idioma:espanyol
Publicat: Murcia Universidad de Murcia 1997
Matèries:
Etiquetes: Afegir etiqueta
Sense etiquetes, Sigues el primer a etiquetar aquest registre!

MARC

LEADER 00000nam a2200000 a 4500
001 UCI5381
003 CL-VaPUC
008 080328e19970000SP |||||||||||||||||spa|d
020 |a 8476848498 
082 0 4 |a 547.9797  |b GAR  |2 21 
100 |a García Torres, Antonio-Lino  |e author  |9 527715 
700 0 |a Nicolás Sánchez, Nuria E  |e author  |9 527714 
245 1 0 |a Errores en la determinación espectrofotométrica de clorofilas 
300 |a 140 p 
942 |c BK 
945 |d 20080328 00:00:00  |a rbrito 
260 |a Murcia  |b Universidad de Murcia  |c 1997 
650 7 |a CLOROFILA  |2 CL-VaPUC  |9 359566 
650 0 |a Espectrofotometría  |9 360575 
583 |a last modification  |c 20080328 00:00:00  |k Rodrigo Vera 
999 |c 329132  |d 329130